Christopher Lee Filmography - Statistics

General Stats
  • This quiz has been taken 148 times
    49 since last reset
  • The average score is 49 of 342
Answer Stats
Type Year Name % Correct
Film 2002 The Lord of the Rings: The Two Towers
86%
Film 1958 Dracula
81%
Film 2002 Star Wars: Episode II - Attack of the Clones
81%
Film 2001 The Lord of the Rings: The Fellowship of the Ring
81%
Film 2005 Star Wars: Episode III - Revenge of the Sith
76%
Film 2003 The Lord of the Rings: The Return of the King
76%
Film 2005 Charlie and the Chocolate Factory
52%
Film 1957 The Curse of Frankenstein
52%
Film 2012 The Hobbit: An Unexpected Journey
52%
Film 1974 The Man with the Golden Gun
52%
Film 1973 The Wicker Man
52%
Film 2010 Alice in Wonderland
48%
Film 2008 Star Wars: The Clone Wars
48%
Film 2014 The Hobbit: The Battle of the Five Armies
48%
Film 1959 The Mummy
48%
Film 1999 Sleepy Hollow
43%
Film 1959 The Hound of the Baskervilles
43%
Film 1973 The Satanic Rites of Dracula
43%
Film 2005 Corpse Bride
38%
Film 1972 Dracula A.D. 1972
38%
Film 1968 Dracula Has Risen from the Grave
38%
Film 1966 Dracula: Prince of Darkness
38%
Film 1990 Gremlins 2: The New Batch
38%
Film 1965 She
38%
Film 1972 Horror Express
33%
Film 1970 Taste the Blood of Dracula
33%
Film 2007 The Golden Compass
33%
Film 1964 The Gorgon
33%
Film 1965 Dr. Terror's House of Horrors
29%
Film 1948 Hamlet
29%
TV Show 1978 Saturday Night Live
29%
Film 1970 Scars of Dracula
29%
Film 2011 Season of the Witch
29%
Film 1969 The Castle of Fu Manchu
29%
Film 1965 The Face of Fu Manchu
29%
Film 1971 The House That Dripped Blood
29%
Film 1973 The Three Musketeers
29%
Film 1960 The Two Faces of Dr. Jekyll
29%
Film 2012 Dark Shadows
24%
Video Game 2004 GoldenEye: Rogue Agent
24%
Film 1998 Jinnah
24%
Film 1994 Police Academy: Mission to Moscow
24%
Film 1966 Rasputin, the Mad Monk
24%
Film 1966 The Brides of Fu Manchu
24%
TV Film 1990 Treasure Island
24%
Film 1948 Corridor of Mirrors
19%
Film 1972 Death Line
19%
Video Game 1994 Ghosts
19%
Film 1983 House of the Long Shadows
19%
Film 1985 Howling II: Your Sister Is a Werewolf
19%
Film 2011 Hugo
19%
Video Game 2014 Lego the Hobbit
19%
Film 1952 Moulin Rouge
19%
Film 1967 Night of the Big Heat
19%
Film 1961 Taste of Fear
19%
Film 1968 The Blood of Fu Manchu
19%
Film 1960 The City of the Dead
19%
Film 1968 The Devil Rides Out
19%
Film 1964 The Devil-Ship Pirates
19%
Film 1974 The Four Musketeers
19%
Film 1969 The Oblong Box
19%
TV Mini-Series 1997 The Odyssey
19%
Film 2011 The Resident
19%
Film 1965 The Skull
19%
Film 1961 The Terror of the Tongs
19%
Film 1967 The Vengeance of Fu Manchu
19%
Film 2011 The Wicker Tree
19%
Film 1976 To the Devil...a Daughter
19%
Documentary Series 1996 100 Years of Horror
14%
Film 1995 A Feast at Midnight
14%
Film 1977 Airport '77
14%
Film 1976 Albino
14%
TV Show 1961 Alcoa Presents: One Step Beyond
14%
Film 1981 An Eye for an Eye
14%
Film 1958 A Tale of Two Cities
14%
TV Film 1992 Beauty and the Beast
14%
Film 2009 Boogie Woogie
14%
Film 1964 Castle of the Living Dead
14%
Film 1966 Circus of Fear
14%
Video Game 2001 Conquest: Frontier Wars
14%
Film 1970 Count Dracula
14%
Short Film 1955 Cross-Roads
14%
Film 1973 Dark Places
14%
TV Film 1993 Death Train
14%
Video Game 2015 Deus Ex Machina 2
14%
Film 1977 End of the World
14%
Film 1968 Eve
14%
Video Game 2004 EverQuest II
14%
Video Game 2003 Freelancer
14%
Film 1994 Funny Man
14%
TV Mini-Series 2000 Gormenghast
14%
Film 1990 Honeymoon Academy
14%
TV Mini-Series 2000 In the Beginning
14%
Video Game 2009 Kingdom Hearts 358/2 Days
14%
Video Game 2005 Kingdom Hearts II
14%
Video Game 2007 Kingdom Hearts II Final Mix
14%
Film 1977 Meatcleaver Massacre
14%
TV Mini-Series 1995 Moses
14%
Film 1973 Nothing But the Night
14%
TV Film 1980 Once Upon a Spy
14%
Theater 1948 Othello
14%
TV Film 1973 Poor Devil
14%
Film 1950 Prelude to Fame
14%
Film 1982 Safari 3000
14%
Film 1970 Scream and Scream Again
14%
Film 1962 Sherlock Holmes and the Deadly Necklace
14%
TV Film 1991 Sherlock Holmes and the Leading Lady
14%
TV Mini-Series 1997 Soul Music
14%
Film 1998 Tale of the Mummy
14%
TV Mini-Series 2008 Terry Pratchett's The Colour of Magic
14%
Film 2005 The Adventures of Greyfriars Bobby
14%
Film 1967 Theatre of Death
14%
Film 1967 The Blood Demon
14%
Audiobook 2007 The Children of Húrin
14%
Film 1973 The Creeping Flesh
14%
Film 1961 The Devil's Daffodil
14%
Film 1976 The Keeper
14%
Film 1982 The Last Unicorn
14%
Video Game 2004 The Lord of the Rings: The Battle for Middle-earth
14%
Video Game 2006 The Lord of the Rings: The Battle for Middle-earth II
14%
Video Game 2006 The Lord of the Rings: The Battle for Middle-earth II: The Rise of the Witch-king
14%
Video Game 2003 The Lord of the Rings: The Return of the King
14%
Video Game 2004 The Lord of the Rings: The Third Age
14%
Film 1959 The Man Who Could Cheat Death
14%
TV Show 1997-1998 The New Adventures of Robin Hood
14%
TV Film 1978 The Pirate
14%
Film 1962 The Pirates of Blood River
14%
Film 1983 The Return of Captain Invincible
14%
Film 1989 The Return of the Musketeers
14%
Video Game 1999 The Rocky Interactive Horror Show
14%
Film 1996 The Stupids
14%
Film 1963 The Whip and the Body
14%
TV Show 1992 The Young Indiana Jones Chronicles
14%
Film 1960 Too Hot Too Handle
14%
Film 2009 Triage
14%
Film 1959 Uncle Was a Vampire
14%
TV Mini-Series 1997 Wyrd Sisters
14%
Film 1979 1941
10%
Documentary 1996 A Century of Science Fiction
10%
Film 1955 Alias John Preston
10%
Documentary 2007 Amazon Trek: In Search of Vanishing Secrets
10%
Film 2015 Angels in Notting Hill
10%
Film 1979 Arabian Adventure
10%
TV Mini-Series 1989 Around the World in 80 Days
10%
Film 1948 A Song for Tomorrow
10%
TV Show 1956, 1957 Assignment Foreign Legion
10%
Theater 1948 As You Like It
10%
Film 1958 Battle of the V-1
10%
Film 1979 Bear Island
10%
Film 1960 Beat Girl
10%
Film 1956 Beyond Mombasa
10%
Film 2010 Burke & Hare
10%
TV Film 1979 Captain America II: Death Too Soon
10%
Film 1951 Captain Horatio Hornblower
10%
TV Film 1982 Charles & Diana: A Royal Love Story
10%
TV Show 1980 Charlie's Angels
10%
Film 1978 Circle of Iron
10%
Film 2004 Crimson Rivers II: Angels of the Apocalypse
10%
Film 1971 Cuadecuc, vampir
10%
Film 1991 Curse III: Blood Sacrifice
10%
Film 1968 Curse of the Crimson Altar
10%
Film 1988 Dark Mission
10%
Film 1981 Desperate Moves
10%
TV Documentary 2001 Devil's Island: Journey Into Jungle Alcatraz
10%
TV Show 1953 Douglas Fairbanks Presents
10%
Film 1976 Dracula and Son
10%
Film 1970 Eugenie
10%
TV Film 1981 Evil Stalks This House
10%
Film 2013 Extraordinary Tales
10%
TV Show 1984 Faerie Tale Theatre
10%
Film 1967 Five Golden Dragons
10%
Film 1994 Flesh and Blood
10%
TV Documentary 1994 Flesh and Blood: The Hammer Heritage of Horror
10%
Film 1957 Fortune Is a Woman
10%
TV Mini-Series 2000 Ghost Stories for Christmas
10%
Film 2009 Glorious 39
10%
TV Film 1981 Goliath Awaits
10%
Film 2011 Grave Tales
10%
Film 1971 Hannie Caulder
10%
Short Film 1952 Hans Christian Andersen Fairy Tales
10%
Film 1961 Hercules in the Haunted World
10%
Film 1957 Ill Met by Moonlight
10%
Film 1971 I, Monster
10%
TV Film 1992 Incident at Victoria Falls
10%
Film 1953 Innocents in Paris
10%
TV Show 1958 Ivanhoe
10%
TV Mini-Series 1997 Ivanhoe
10%
Film 1992 Jackpot
10%
Film 1979 Jaguar Lives!
10%
Film 1987 Jocks
10%
Film 1970 Julius Caesar
10%
Film 1991 Kabuto
10%
TV Show 1946, 1947 Kaleidoscope
10%
Film 1963 Katarsis
10%
Film 1976 Killer Force
10%
Video Game 2014 Kingdom Hearts HD 2.5 Remix
10%
TV Film 1989 La Révolution française
10%
Film 1975 Le boucher, la star et l'orpheline
10%
TV Show 2001 Les Redoutables
10%
Film 1953 Les Vacances de Monsieur Hulot
10%
Theater 1948 Libel
10%
Theater 1948 Major Barbara
10%
Theater 1948 Man and Superman
10%
Film 1957 Manuela
10%
TV Film 1982 Massarati and the Brain
10%
TV Film 1955 Moby Dick-Rehearsed
10%
Theater 1955 Moby Dick Rehearsed
10%
Film 1983 New Magic
10%
Film 2013 Night Train to Lisbon
10%
Film 1979 Nutcracker Fantasy
10%
Film 1988 Olympus Force: The Key
10%
Film 1948 One Night with You
10%
TV Show 1958 O.S.S.
10%
Film 1948 Penny and the Pownall Case
10%
Film 1955 Police Dog
10%
TV Mini-Series 2005 Pope John Paul II
10%
Film 1956 Port Afrique
10%
Film 1951 Quo Vadis
10%
Film 1978 Return from Witch Mountain
10%
TV Show 1953-1956 Rheingold Theatre
10%
TV Show 1956 Sailor of Fortune
10%
Film 1948 Saraband for Dead Lovers
10%
Commercial 2002 Save the Children
10%
Film 1948 Scott of the Antarctic
10%
Theater 1948 See Naples and Die
10%
Film 1980 Serial
10%
TV Show 1975 Space: 1999
10%
Film 1977 Starship Invasions
10%
Film 1955 Storm Over the Nile
10%
TV Show 1995 Street Gear
10%
TV Show 1953-1955 Tales of Hans Anderson
10%
TV Show 1959 Tales of the Vikings
10%
Film 1964 Terror in the Crypt
10%
TV Show 1956 The Adventures of Aggie
10%
TV Show 1955 The Adventures of the Scarlet Pimpernel
10%
TV Show 1964 The Alfred Hitchcock Hour
10%
TV Show 1971 Theatre Macabresa
10%
TV Show 1967, 1969 The Avengers
10%
Film 1956 The Battle of the River Plate
10%
Film 1984 The Bengal Lancers
10%
TV Film 1990 The Care of Time
10%
Theater 1948 The Constant Nymph
10%
Film 1952 The Crimson Pirate
10%
TV Film 1986 The Disputation
10%
TV Show 1956-1957 The Errol Flynn Theatre
10%
TV Mini-Series 1984 The Far Pavilions
10%
Theater 1949 The Flat Next Door
10%
TV Show 1957 The Gay Cavalier
10%
Film 1987 The Girl
10%
Film 2013 The Girl from Nagasaki
10%
Film 1960 The Hands of Orlac
10%
Film 2010 The Heavy
10%
Short Film 2017 The Hunting of the Snark
10%
Documentary 1996 The Many Faces of Christopher Lee
10%
Short Documentary 1985 The Many Faces of Sherlock Holmes
10%
Short Film 1954 The Mirror and Markheim
10%
Film 1990 The Miser
10%
Film 1979 The Passage
10%
Film 1970 The Private Life of Sherlock Holmes
10%
Film 1962 The Puzzle of the Red Orchid
10%
Film 1984 The Rosebud Beach Hotel
10%
Film 1981 The Salamander
10%
TV Show TBA The Time War
10%
Film 1957 The Traitor
10%
Film 1959 The Treasure of San Teresa
10%
Film 1957 The Truth About Women
10%
Film 1963 The Virgin of Nuremberg
10%
TV Show 1955 The Vise
10%
Theater 1948 The Wishing Well
10%
Film 1950 They Were Not Divided
10%
Film 1952 Top Secret
10%
Film 1949 Trottie True
10%
Film 1970 Umbracle
10%
TV Film 1986 Un métier du seigneur
10%
Film 1951 Valley of Eagles
10%
Short Film 1996 Welcome to the Discworld
10%
Documentary 2003 Whales of Atlantis: In Search of Moby Dick
10%
TV Show 1958 White Hunter
10%
Documentary 2007 100 Years Under the Sea: Shipwrecks of the Caribbean
5%
Film 1952 Babes in Bagdad
5%
Film 1957 Bitter Victory
5%
Film 1978 Caravans
5%
TV Show 1956 Chevron Hall of Stars
5%
TV Show 1954 Colonel March of Scotland Yard
5%
TV Show 1956 Colonel March of Scotland Yard
5%
Film 1955 Contraband Spain
5%
Film 1958 Corridors of Blood
5%
Documentary Series 2000 Death of an Empire
5%
Film 1954 Destination Milan
5%
Film 1975 Diagnosis: Murder
5%
TV Film 1992 Double Vision
5%
Documentary 1983 Errol Flynn: Portrait of a Swashbuckler
5%
Documentary 1991 Fear in the Dark
5%
Film 1955 Final Column
5%
Theater 1968 Henry IV Part 2
5%
TV Show 1978 How the West Was Won
5%
Film 1989 La chute des aigles
5%
TV Film 1969 Light Entertainment Killers
5%
Film 1955 Man in Demand
5%
Film 1985 Mask of Murder
5%
Film 1987 Mio in the Land of Faraway
5%
Film 1989 Murder Story
5%
Documentary 2013 Necessary Evil: Super-Villains of DC Comics
5%
Radio Play 2013 Neverwhere
5%
Film 1970 One More Time
5%
TV Show 1973 Orson Welles' Great Mysteries
5%
Film 1952 Paul Temple Returns
5%
Film 1956 Private's Progress
5%
TV Mini-Series 1986 Shaka Zulu
5%
TV Film 1996 Sorellina e il principe del sogno
5%
Film 1962 Stranglehold
5%
TV Show 1997 Strictly Supernatural
5%
TV Show 1995 Tales of Mystery and Imagination
5%
Documentary 2007 Tasmanian Devil: The Fast and Furious Life of Errol Flynn
5%
Film 1965 Ten Little Indians
5%
Film 1955 That Lady
5%
TV Show 1959 The Adventures of William Tell
5%
Film 1970 The Bloody Judge
5%
Short Film 2012 The Bloody Verdict of Verden
5%
Film 1955 The Cockleshell Heroes
5%
Film 1955 The Dark Avenger
5%
Film 1962 The Devil's Agent
5%
Documentary 2024 The Life and Deaths of Christopher Lee
5%
Film 1969 The Magic Christian
5%
Film 1990 The Rainbow Thief
5%
TV Show 1995 The Tomorrow People
5%
Short Documentary 1967 Victims of Vesuvius
5%
TV Film 1983 Witness the Impossible
5%
Short Documentary 2002 Actor's Notebook: Christopher Lee
0%
Theater 1948 By the Candlelight
0%
Documentary 2012 Christopher Lee: A Legacy of Horror and Terror
0%
TV Documentary 2003 Christopher Lee: A Life in Films
0%
TV Documentary 2010 Christopher Lee - Gentleman des Grauenslife in f
0%
Short Documentary 2003 Christopher Lee: Mr. Holmes, Mr. Wilder
0%
Documentary 2021 Dracula Nazi Hunter: How I Learned to Love Christopher Lee and Drink Atomic Bombs
0%
Ballet 2007 Magic of the Dance
0%
Short Documentary 2007 Mummies: Secrets of the Pharaohs
0%
Short TV Documentary 1977 Mysteries from the Unknown: The Occult
0%
TV Film 1995 Mystery and Imagination
0%
Film 1990 Panga
0%
Documentary Series 1988 Secret World
0%
TV Show 1991 Wahre Wunder
0%
No matching quizzes found
Score Distribution
Percent of People with Each Score
Percentile by Number Answered
Your Score History
You have not taken this quiz since the last reset